Nádory chlpových folikulov

Bibliographic Details
Main Authors: Levkut, Mikuláš, 1951- (Author), Revajová, Viera, 1959- (Author), Ševčíková (Author), Herich, Róbert, 1968- (Author), Levkutová, Mária, 1954- (Author), Ledecký, Valent, 1950- (Author)
Format: Article
Language:Slovak

MARC

LEADER 00000nab a2200000 a 4500
001 vtls010724004
003 SK-MaSNL
005 20260304194140.0
008 250709s2007 xo |||||||||||||||||slo|
035 |a (urnnbn)urn:nbn:sk:snk:ar-a04uqz 
035 |a (uuid)bc2951a1-a2df-45d3-ac7a-86a41b872de6 
035 |a urn:nbn:sk:snk-ab3o99 
040 |a SNKBUCL  |b slo  |c SNKBUCL  |e AACR2 
041 0 |a slo 
044 |a xo  |c SK 
100 1 |a Levkut, Mikuláš,  |d 1951-  |4 aut  |9 197341 
245 1 0 |a Nádory chlpových folikulov  |c M. Levkut, V. Revajová, Ševčíková, R. Herich, M. Levkutová, V. Ledecký 
700 1 |a Revajová, Viera,  |d 1959-  |4 aut  |9 195926 
700 1 |a Ševčíková  |4 aut  |9 1528335 
700 1 |a Herich, Róbert,  |d 1968-  |4 aut  |9 197424 
700 1 |a Levkutová, Mária,  |d 1954-  |4 aut  |9 195930 
700 1 |a Ledecký, Valent,  |d 1950-  |4 aut  |9 204823 
773 0 |t Infovet : veterinársky odborno-informačný časopis  |g Roč. 14, č. 6 (2007), s. 243-245 
850 |a Slovenská národná knižnica 
852 |a Slovenská národná knižnica 
954 |a odborná, vedecká literatúra pôvodná (slovenská)  |2 lita 
958 |a article1 
958 |a OND 
958 |a EUIPO 
999 |c 3072521  |d 3074451